Statistics for Countries that Produce the Most Sheep Cheese

Click here to take the quiz!

General Stats

  • This quiz has been taken 84 times
  • The average score is 11 of 18

Answer Stats

ProductionCountry% Correct
66Spain
90%
58Italy
90%
125Greece
86%
26France
85%
40Turkey
81%
108China
81%
11Portugal
70%
19Iran
68%
12Bulgaria
63%
24Romania
62%
11Sudan
52%
61Syria
51%
16South Sudan
43%
13Afghanistan
43%
7Jordan
40%
7Yemen
40%
28Niger
36%
7Bolivia
15%

Score Distribution

Percentile by Number Answered

Percent of People with Each Score

Your Score History

You have not taken this quiz